01376cam a2200337 a 450000100090000000300050000900500170001400800410003101000170007202000180008902500230010704000180013004200150014804300210016305000250018408200210020910000300023024500730026024600480033324600150038126000380039630000420043450501970047665000470067365000540072065000510077490600450082594200120087099900190088295201370090116470110NUST20220818122211.0100922s2010 pk ab bs 001 0 eng  a 2010348094 a9789694025438 aP-E-2010348094; 28 aDLCcDLCdDLC alcodeapcc aa-pk---aa-ii---00aHD1698.P3bS326 2010 a333.9100954, SID1 aSiddiqui, Iqtidar H.910110aHydro politics & water wars in South Asia /cby Iqtidar H. Siddiqui.14aHydro politics and water wars in South Asia30aWater wars aLahore :bVanguard Books,cc2010. axviii, 280 p. :bill., maps ;c22 cm. aPart 1: Pakistan and Its Resources (Page-01), Part 2: Sharing of International Rivers Waters (Page-51), Part 3: Water Management Within Pakistan (Page-113), Part 4: Hydro-Politics (Page-211).  0aWater-supplyzPakistanxManagement.997989 0aWater-supplyxPolitical aspectszPakistan.997990 0aWater-supplyxPolitical aspectszIndia.997991 a7bcbccorigoded3encipf20gy-gencatlg 2ddccBK c591210d591210 00102ddc4070aMCSbMCScGENd2022-08-18o333.9100954, SIDpMCS38476r2022-08-18w2022-08-18yBKzAlmirah Fresh No.44, Shelf No.3